| 000 | 00424nam a2200157Ia 4500 | ||
|---|---|---|---|
| 008 | 210210b1994 xxu||||| |||| 00| 0 eng d | ||
| 020 | _a81 7371 002 3 | ||
| 082 | _a530.12 VENQ | ||
| 100 | _aVENKATARAMAN (G). | ||
| 245 | _aQuantum revolution I the breakthrough. | ||
| 260 |
_aIndia _bUniversities Press _c1994 |
||
| 300 | _aix,189 | ||
| 650 | _aVignettes Physics Quantum | ||
| 690 | _aQuantum Mechanics | ||
| 906 | _a048158 | ||
| 999 |
_c97213 _d97213 |
||